|
|
|
|
| LEADER |
02374nam a22004575i 4500 |
| 001 |
978-3-319-28053-0 |
| 003 |
DE-He213 |
| 005 |
20160525053005.0 |
| 007 |
cr nn 008mamaa |
| 008 |
160525s2016 gw | s |||| 0|eng d |
| 020 |
|
|
|a 9783319280530
|9 978-3-319-28053-0
|
| 024 |
7 |
|
|a 10.1007/978-3-319-28053-0
|2 doi
|
| 040 |
|
|
|d GrThAP
|
| 050 |
|
4 |
|a RC841-858.P35
|
| 072 |
|
7 |
|a MJJ
|2 bicssc
|
| 072 |
|
7 |
|a MED031000
|2 bisacsh
|
| 082 |
0 |
4 |
|a 616.36
|2 23
|
| 245 |
1 |
0 |
|a Handbook of Hepatitis C
|h [electronic resource] /
|c edited by Nicolas Goossens, Sophie Clément, Francesco Negro.
|
| 264 |
|
1 |
|a Cham :
|b Springer International Publishing :
|b Imprint: Adis,
|c 2016.
|
| 300 |
|
|
|a XI, 82 p. 19 illus. in color.
|b online resource.
|
| 336 |
|
|
|a text
|b txt
|2 rdacontent
|
| 337 |
|
|
|a computer
|b c
|2 rdamedia
|
| 338 |
|
|
|a online resource
|b cr
|2 rdacarrier
|
| 347 |
|
|
|a text file
|b PDF
|2 rda
|
| 505 |
0 |
|
|a Introduction -- The HCV particle and its lifecycle -- Clinical features -- Pathophysiology -- Diagnosis -- Management of HCV infection -- Future challenges.
|
| 520 |
|
|
|a This book is a concise and up-to-date review of the clinical features, pathophysiology, diagnosis, and treatment of patients with hepatitis C. Busy health care professionals who want a quick review of hepatitis C and new developments in treatment for hepatitis C will benefit from this succinct guide. Hepatitis C virus primarily infects liver cells and can lead to chronic damage to the liver. Patients with hepatitis C infection often develop liver sequelae such as fibrosis, cirrhosis, and hepatocellular carcinoma if left untreated. It is estimated that 150 million people worldwide are infected with hepatitis C virus, and if eradication is to be achieved it is imperative to diagnose and treat such individuals.
|
| 650 |
|
0 |
|a Medicine.
|
| 650 |
|
0 |
|a Hepatology.
|
| 650 |
|
0 |
|a Infectious diseases.
|
| 650 |
1 |
4 |
|a Medicine & Public Health.
|
| 650 |
2 |
4 |
|a Hepatology.
|
| 650 |
2 |
4 |
|a Infectious Diseases.
|
| 700 |
1 |
|
|a Goossens, Nicolas.
|e editor.
|
| 700 |
1 |
|
|a Clément, Sophie.
|e editor.
|
| 700 |
1 |
|
|a Negro, Francesco.
|e editor.
|
| 710 |
2 |
|
|a SpringerLink (Online service)
|
| 773 |
0 |
|
|t Springer eBooks
|
| 776 |
0 |
8 |
|i Printed edition:
|z 9783319280516
|
| 856 |
4 |
0 |
|u http://dx.doi.org/10.1007/978-3-319-28053-0
|z Full Text via HEAL-Link
|
| 912 |
|
|
|a ZDB-2-SME
|
| 950 |
|
|
|a Medicine (Springer-11650)
|